000 00606nam a2200205 i 4500
001 120274
003 ES-MaACL
005 20230906191516.0
007 t|
008 070214s1929 po r ||||1| por d
080 _a58(469)
080 _a59(469)
100 1 _aLima, Américo Pires de.
_972304
245 1 0 _aPortugal :
_ba botânica e a zoologia /
_cAmérico Pires de Lima.
260 _aLisboa :
_b[s. n.],
_c1929 (
_fImp. Nacional)
300 _a29 p. :
_bil. ;
_c25 x 18 cm.
650 4 _aBotánica-
_zPortugal.
_9176349
650 4 _aZoología-
_zPortugal.
_9176350
852 4 _aES-MaACL
_j1745-F-6
999 _c120274
_d120274